Word Ladder: TV 'Friends' Quiz Stats

Quiz Updated Mar 22, 2015

Challenge
Share
Tweet
Embed
Score 0/42 Timer 04:00
3 Plays Today
Hint 4-Letter Word % Correct
•Phoebe Buffay actress ____ Kudrow••LISA•
98.7%
Spielburg movie 'Schindler's ____'LIST
97.1%
•Joey Tribbiani actor ____ LeBlanc••MATT•
96.9%
One of the gendersMALE
95.1%
What ice eventually doesMELT
94.7%
What one wears on their waistBELT
93.8%
'Men in Black' star ____ SmithWILL
93.8%
•Phoebe's husband ____ Hannigan••MIKE•
93.2%
CreateMAKE
92.9%
A baseball gloveMITT
91.5%
A unit of measuring distanceMILE
91.2%
•Chandler's surname••BING•
90.9%
•The series takes place in New ____ City••YORK•
90.1%
What dense objects do in waterSINK
89.7%
Class dismisserBELL
89.7%
•The gang frequents the coffee shop Central ____•PERK•
88.9%
What many musicians doSING
88.6%
Dessert similar to a shakeMALT
88.3%
Feeling nauseousSICK
88%
Synonym for reproduceMATE
87.5%
A condensed and watery gasMIST
87%
Hint 4-Letter Word % Correct
Part of an eggYOLK
86.1%
Type of meatPORK
85.4%
Where a boat parksDOCK
84.6%
•Chandler's father-in-law's name••JACK•
84.2%
Santa's present holderSACK
83.7%
Stereotypical athleteJOCK
83.1%
Elevated patioDECK
80.3%
•Paleontologist character••ROSS•
77.9%
Air flowWIND
76.8%
•Reese Witherspoon appears as ____ Green••JILL•
75%
ChaoticWILD
74.8%
A fourth of a bushelPECK
74.8%
Former US President James K. ____POLK
73.7%
Tie or fasten something tightlyBIND
73.5%
To make or become gelatinousJELL
69.5%
SurveyPOLL
68.2%
DecaysROTS
65.9%
Kitchen necessities POTS
61.9%
Synonym for 'buds'PALS
61.4%
Light hits of the handPATS
60.7%
A cloth used to cover coffinsPALL
58.7%

Today's Daily Dose

You're not logged in!

Compare scores with friends on all Sporcle quizzes.
Sign Up with Email
OR
Log In

You Might Also Like...

Show Comments

Extras

Top Quizzes Today


Score Distribution

Your Account Isn't Verified!

In order to create a playlist on Sporcle, you need to verify the email address you used during registration. Go to your Sporcle Settings to finish the process.